[Event "Let's Play Chess!"]
[Site "http://www.queenalice.com/game.php?id=119248"]
[Date "2006.10.20"]
[Round "-"]
[White "noofer"]
[Black "BuzzKiller"]
[Result "1-0"]
[WhiteElo "1700"]
[BlackElo "1470"]

1. e4 d5 2. d3 e5 3. Nf3 Bg4 4. Be2 Bxf3 5. Bxf3 dxe4 6. Bxe4 Bc5 7. c3 Qf6 8.
O-O c6 9. Be3 Bd6 10. d4 Nd7 11. Nd2 Ne7 12. Re1 O-O-O 13. Nc4 b6 14. Qa4 Bb8
15. Rad1 Kc7 16. g3 a5 17. dxe5 Qe6 18. Bxb6+ Nxb6 19. Nxb6 Kxb6 20. b4 Kb7 21.
Qxa5 Bc7 22. Qa3 Ra8 23. Qb3 Rxa2 24. Qxe6 fxe6 25. Rd7 Ng6 26. Rxg7 Nxe5 27. b5
Kb6 28. Bxc6 Rc2 29. Re7 Nxc6 30. bxc6 1-0

[Event "bora jogar poraaa!!!!"]
[Site "http://www.queenalice.com/game.php?id=119273"]
[Date "2006.10.20"]
[Round "-"]
[White "noofer"]
[Black "VPAcevedo"]
[Result "1-0"]
[WhiteElo "1681"]
[BlackElo "1431"]

1. e4 e5 2. Nf3 Nc6 3. c3 Nf6 4. d3 Bc5 5. d4 Bd6 6. Bg5 Be7 7. Bd3 d5 8. Bb5
Bd7 9. Nxe5 Nxe5 10. dxe5 Nxe4 11. Bxe7 Qc8 12. Qxd5 Bxb5 13. Qxb5+ c6 14. Qc4
Ng5 15. Bxg5 f6 16. exf6 1-0

[Event "Bora Jogar Plz..."]
[Site "http://www.queenalice.com/game.php?id=120901"]
[Date "2006.10.24"]
[Round "-"]
[White "ricvila"]
[Black "noofer"]
[Result "0-1"]
[WhiteElo "1165"]
[BlackElo "1616"]

1. e4 c5 2. Nf3 Nc6 3. Bc4 e6 4. Nc3 g6 5. a3 a6 6. d3 b5 7. Bb3 Bd6 8. Bg5 f6
9. Be3 Nge7 10. O-O g5 11. Re1 Ng6 12. Qd2 Nce5 13. Nxe5 Bxe5 14. Bxc5 d6 15.
Be3 O-O 16. Rad1 Nh4 17. Qe2 Qe8 18. d4 Bf4 19. Bxf4 Ng6 20. Be3 Bb7 21. d5 e5
22. a4 b4 23. Na2 a5 24. c3 Ba6 25. Qc2 Qd7 26. cxb4 axb4 27. Nxb4 Ra7 28. Nxa6
Rxa6 29. Rc1 f5 30. Qc7 Qe8 31. Qc4 f4 32. Qxa6 Qd7 33. a5 fxe3 34. fxe3 Qg4 35.
Qxd6 Nh4 36. Qe6+ Qxe6 37. dxe6 Rb8 38. e7+ Rxb3 39. e8=Q+ Kg7 40. Rc7+ Kh6 0-1

[Event "Let's Play Chess!"]
[Site "http://www.queenalice.com/game.php?id=120902"]
[Date "2006.10.24"]
[Round "-"]
[White "noofer"]
[Black "ricvila"]
[Result "1-0"]
[WhiteElo "1648"]
[BlackElo "1372"]

1. e4 e6 2. Nf3 d5 3. Bd3 Nf6 4. Qe2 dxe4 5. Bxe4 Nxe4 6. Qxe4 Nc6 7. c3 Bd6 8.
d4 Bd7 9. d5 Ne7 10. O-O Nxd5 11. Re1 O-O 12. g3 Bc6 13. Nd4 Qd7 14. Qg4 Nf6 15.
Qh4 h6 16. f4 Nd5 17. Nd2 Rfe8 18. N2f3 Qe7 19. Qg4 Nf6 20. Qh3 Qd7 21. Qg4 e5
22. Qxd7 Bxd7 23. fxe5 Bxe5 24. Nxe5 c5 25. Ndf3 Bc6 26. Bd2 Nd7 27. Nxd7 Bxd7
28. Rxe8+ Rxe8 29. Re1 Kf8 30. Rxe8+ Kxe8 31. b4 1-0

[Event "Let's Play Chess!"]
[Site "http://www.queenalice.com/game.php?id=120903"]
[Date "2006.10.24"]
[Round "-"]
[White "noofer"]
[Black "ricvila"]
[Result "0-1"]
[WhiteElo "1724"]
[BlackElo "1734"]

1. e4 e6 2. d4 d5 3. Nc3 Bb4 4. Bd2 Nc6 5. exd5 exd5 6. Nce2 Bxd2+ 7. Qxd2 Nf6
8. h3 O-O 9. b3 Re8 10. O-O-O Bf5 11. a3 Bg6 12. Nf4 Bf5 13. Bb5 Qd7 14. Nf3 Ne4
15. Qe3 Ng3 16. Ne5 Nxe5 17. dxe5 Qxb5 18. Rxd5 Qc6 19. Qxg3 Qxc2# 0-1

[Event "Let's Play Chess!"]
[Site "http://www.queenalice.com/game.php?id=120904"]
[Date "2006.10.24"]
[Round "-"]
[White "ricvila"]
[Black "noofer"]
[Result "0-1"]
[WhiteElo "1388"]
[BlackElo "1658"]

1. e4 e5 2. Nf3 d6 3. Bc4 h6 4. O-O c6 5. Nc3 Ne7 6. d3 b5 7. Bb3 d5 8. exd5
cxd5 9. Nxe5 Be6 10. Nxb5 Nec6 11. Nxc6 Nxc6 12. Nc3 Bd6 13. d4 Qa5 14. Bd2 Nxd4
15. Ne2 Qb6 16. Nxd4 Qxd4 17. Rb1 O-O 18. Bc3 Qe4 19. Qd3 Qh4 20. h3 Qg5 21. Bd2
Bf4 22. Bxf4 Qxf4 23. Qe3 Qh4 24. Rbd1 Rad8 25. Qd4 Qg5 26. Qd3 Rfe8 27. Qf3 Re7
28. Ba4 d4 29. c3 Bd5 30. Qg3 Re2 31. Qxg5 hxg5 32. cxd4 Rxb2 33. Ra1 Bxa2 34.
Rfd1 Bd5 35. Rdb1 Rdb8 36. Bc2 Rxb1+ 0-1

[Event "Let's Play Chess!"]
[Site "http://www.queenalice.com/game.php?id=120905"]
[Date "2006.10.24"]
[Round "-"]
[White "ricvila"]
[Black "noofer"]
[Result "0-1"]
[WhiteElo "1139"]
[BlackElo "1648"]

1. e4 e5 2. Nf3 Nc6 3. Bb5 Nd4 4. Nxd4 exd4 5. c3 c6 6. Bc4 d5 7. exd5 cxd5 8.
Bb5+ Bd7 9. Bxd7+ Qxd7 10. cxd4 Nf6 11. O-O Bd6 12. Re1+ Kd8 13. Nc3 Ng4 14. h3
Nh2 15. d3 Qf5 16. Ne2 Nf3+ 17. gxf3 Qxh3 18. Nf4 Bxf4 19. Bxf4 Qf5 20. Qd2 h6
0-1

[Event "Let's Play Chess!"]
[Site "http://www.queenalice.com/game.php?id=120906"]
[Date "2006.10.24"]
[Round "-"]
[White "noofer"]
[Black "ricvila"]
[Result "1-0"]
[WhiteElo "1667"]
[BlackElo "1388"]

1. e4 e6 2. Nf3 d5 3. d3 dxe4 4. dxe4 Qxd1+ 5. Kxd1 Nf6 6. Nc3 Nc6 7. a3 Bc5 8.
Be3 Bxe3 9. fxe3 O-O 10. h3 Rd8+ 11. Bd3 e5 12. Ke1 Ne7 13. Nxe5 Be6 14. b4 Rac8
15. Nf3 Nc6 16. e5 Nd7 17. Bb5 a6 18. Bxc6 bxc6 19. Rf1 Nb6 20. Ng5 Nd5 21. Nxe6
fxe6 22. Ke2 Nxc3+ 23. Kf2 Rf8+ 24. Kg1 Nd5 25. Rfe1 Rf5 26. e4 Rxe5 27. exd5
Rxe1+ 28. Rxe1 exd5 29. c3 Kf8 30. Re6 Ra8 31. Rxc6 a5 32. b5 Rb8 33. a4 Rc8 34.
Ra6 Rb8 35. Rxa5 Ke8 36. g4 Kd7 37. Ra6 Rb6 38. Kg2 Rxa6 39. bxa6 1-0

[Event "AUTO-OPEN-429"]
[Site "http://www.queenalice.com/game.php?id=121187"]
[Date "2006.10.25"]
[Round "1"]
[White "Cesar_Luiz_Marques"]
[Black "noofer"]
[Result "1-0"]
[WhiteElo "1569"]
[BlackElo "1696"]

1. e4 e5 2. Nf3 Nc6 3. c4 d6 4. Nc3 Bg4 5. Be2 g6 6. Nd5 Bg7 7. h3 Bxf3 8. Bxf3
Nb4 9. O-O Nxd5 10. cxd5 Nf6 11. d3 O-O 12. h4 Nh5 13. Bxh5 Qxh4 14. Be2 g5 15.
Be3 f5 16. exf5 Rxf5 17. Bg4 Rf7 18. Be6 Rf8 19. Qd2 Bh6 20. Rac1 c5 21. dxc6
bxc6 22. Rxc6 Qa4 23. Rc7 Qe8 24. Bxf7+ Rxf7 25. Rfc1 Rf5 26. Rxa7 Qf8 27. Rcc7
d5 28. Qa5 d4 29. Qd5+ Kh8 30. Rxh7# 1-0

[Event "AUTO-OPEN-429"]
[Site "http://www.queenalice.com/game.php?id=121188"]
[Date "2006.10.25"]
[Round "1"]
[White "noofer"]
[Black "Cesar_Luiz_Marques"]
[Result "0-1"]
[WhiteElo "1675"]
[BlackElo "1546"]

1. e4 e5 2. Nf3 Nc6 3. c3 d6 4. d4 exd4 5. cxd4 Bg4 6. Be2 Nf6 7. Bg5 h6 8. Bxf6
Qxf6 9. O-O Bxf3 10. Bxf3 Nxd4 11. Nc3 Nxf3+ 12. Qxf3 Qxf3 13. gxf3 c6 14. Rfd1
O-O-O 15. e5 dxe5 16. Rxd8+ Kxd8 17. Rd1+ Kc7 18. b4 Bxb4 19. Ne4 Rd8 20. Rc1 f5
21. Ng3 g6 22. Rc4 Rd4 23. Rc2 b5 24. Rb2 Bc3 25. Rb3 b4 26. a3 c5 27. Ne2 Rd1+
28. Kg2 Bd4 29. axb4 c4 30. Ra3 Kb6 31. f4 e4 32. Ra5 c3 33. Nxd4 Rxd4 34. Rc5
Rxb4 35. Rxc3 a5 36. Re3 a4 37. f3 Rb3 38. Re2 a3 39. Ra2 Rb2+ 40. Rxb2+ axb2
41. fxe4 b1=Q 42. e5 Qe4+ 43. Kg3 g5 0-1

[Event "Let's Play Chess!"]
[Site "http://www.queenalice.com/game.php?id=124392"]
[Date "2006.11.1"]
[Round "-"]
[White "noofer"]
[Black "carlosot"]
[Result "0-1"]
[WhiteElo "1724"]
[BlackElo "870"]

1. e4 d5 2. f3 e5 3. c3 dxe4 4. fxe4 Qh4+ 5. g3 Qxe4+ 6. Qe2 Bf5 7. Nf3 Nc6 8.
Bg2 Qxe2+ 9. Kxe2 O-O-O 10. Rd1 Bd3+ 11. Ke1 Bc2 12. Ng5 Nh6 13. Na3 Bxd1 14.
Kxd1 Be7 15. d3 Rxd3+ 16. Bd2 Bxg5 17. Kc2 Rxd2+ 18. Kb3 Rxg2 19. h4 Bf6 20. Re1
Rxg3 21. Nb1 Rd8 22. a3 Nf5 23. h5 Rgd3 24. Rf1 Ng3 25. Rf2 Nxh5 26. Ka2 e4 27.
Rh2 g6 28. b4 Bxc3 29. Rc2 Rd2 30. Kb3 Nd4+ 31. Kxc3 Rxc2# 0-1

[Event "Let's Play Chess!"]
[Site "http://www.queenalice.com/game.php?id=415386"]
[Date "2008.6.9"]
[Round "-"]
[White "noofer"]
[Black "ferreirabsd"]
[Result "0-1"]
[WhiteElo "1616"]
[BlackElo "1185"]

1. e4 e5 2. Nf3 Nc6 3. Bc4 Nf6 4. d3 Bc5 5. c3 d5 6. exd5 Nxd5 7. d4 exd4 8.
cxd4 Bb6 9. O-O O-O 10. Ne5 Nxe5 11. dxe5 Be6 12. b3 Nb4 13. Bd2 Bxc4 14. bxc4
Qd4 15. Bc3 Qxc4 16. Qa4 a5 17. a3 Bd4 18. Nd2 Qxc3 19. axb4 Qxd2 20. Rad1 Qc3
21. bxa5 Bxe5 22. Qd7 Bd6 23. Qb5 Rfb8 24. Ra1 h6 25. Ra4 Qc5 26. Rb1 Qxb5 27.
Rxb5 b6 28. a6 Ra7 29. Rf5 Rba8 0-1

[Event "Brasília Xadrez"]
[Site "http://www.queenalice.com/game.php?id=415465"]
[Date "2008.6.9"]
[Round "-"]
[White "SRIVERO"]
[Black "noofer"]
[Result "1-0"]
[WhiteElo "1631"]
[BlackElo "1616"]

1. e4 c5 2. Nf3 d6 3. Bb5+ Bd7 4. a4 Nc6 5. c3 Nf6 6. d3 a6 7. Bc4 Qa5 8. O-O b5
9. Bb3 g6 10. Bd2 Bg7 11. c4 b4 12. Bg5 Bg4 13. h3 Bxf3 14. Qxf3 Nd4 15. Qd1 h5
16. Nd2 Bh6 17. Bxh6 Rxh6 18. Nf3 Ne6 19. Qd2 Ng8 20. d4 Rd8 21. Rfd1 Rh7 22.
dxc5 Nxc5 23. Bc2 1-0